| Tag |
First Indicator |
Second Indicator |
Subfields |
| LEADER |
00000cam a22000008a 4500 |
| 001 |
in00001054621 |
| 005 |
20150929084025.0 |
| 008 |
900928s1992 nyu 000 1 eng |
| 010 |
|
|
|a 90056067
|
| 020 |
|
|
|a 1556112459
|
| 035 |
|
|
|a (OCoLC)23141220
|
| 035 |
|
|
|9 AFK3998AM
|
| 040 |
|
|
|a DLC
|c DLC
|d GZK
|d CLE
|d SVP
|d TXA
|d UtOrBLW
|
| 049 |
|
|
|a TXAM
|
| 050 |
0 |
0 |
|a PS3566.O67
|b B87 1991
|
| 082 |
0 |
0 |
|a 813/.54
|2 20
|
| 090 |
|
|
|a PS3566.O67
|b B87 1992
|
| 100 |
1 |
|
|a Posey, Carl A.,
|d 1933-
|
| 245 |
1 |
0 |
|a Bushmaster fall /
|c by Carl Posey.
|
| 263 |
|
|
|a 9104
|
| 264 |
|
1 |
|a New York, N.Y. :
|b Donald I. Fine,
|c [1992]
|
| 264 |
|
4 |
|c ©1992
|
| 300 |
|
|
|a 311 pages
|
| 336 |
|
|
|a text
|b txt
|2 rdacontent
|
| 337 |
|
|
|a unmediated
|b n
|2 rdamedia
|
| 338 |
|
|
|a volume
|b nc
|2 rdacarrier
|
| 650 |
|
0 |
|a Environmental protection
|v Fiction.
|
| 650 |
|
0 |
|a Rain forests
|z Bolivia
|x Fiction.
|
| 999 |
|
|
|a MARS
|
| 999 |
f |
f |
|s 9c5d4852-368e-347b-87f5-2091ad30d068
|i eca7179e-048b-383e-8db9-9e99cef53adf
|t 0
|
| 952 |
f |
f |
|p ric
|a Texas A&M University
|b Rellis Campus
|c Joint Library Facility
|d Remote Storage
|t 0
|e PS3566.O67 B87 1991
|h Library of Congress classification
|i unmediated -- volume
|m A14815547747
|
| 998 |
f |
f |
|a PS3566.O67 B87 1991
|t 0
|l Remote Storage
|